[Event "Oberbayern Bezirksliga 1718"]
[Site "Germany"]
[Date "2018.04.15"]
[Round "9.8"]
[White "Alferova, Ekaterina"]
[Black "Maltsev, Oleg V"]
[Result "1/2-1/2"]
[WhiteElo "1805"]
[BlackElo "1997"]
[PlyCount "71"]
[EventDate "2017.10.22"]
[EventType "team-tourn"]
[EventRounds "9"]
[EventCountry "GER"]
[SourceTitle "EXT 2019"]
[Source "ChessBase"]
[SourceDate "2018.10.10"]
[SourceVersion "1"]
[SourceVersionDate "2018.10.10"]
[SourceQuality "1"]
[WhiteTeam "Fuerstenfeldbruck"]
[BlackTeam "Pang/Rosenheim II"]
[WhiteTeamCountry "GER"]
[BlackTeamCountry "GER"]

1. d4 e6 2. Nf3 Nf6 3. Bf4 b6 4. e3 Bb4+ 5. c3 Be7 6. Nbd2 Bb7 7. Bd3 d5 8. h3 Nbd7 9. 0-0 0-0 10. Re1 c5 11. Qb1 h6 12. Qd1 Ne4 13. Ne5 Nxe5 14. Bxe5 Nxd2 15. Qxd2 f6 16. Bg3 f5 17. Qe2 Bh4 18. Qf3 Bf6 19. Qf4 Rc8 20. Rac1 Qd7 21. Qd6 Qxd6 22. Bxd6 Rfd8 23. Bg3 Kf7 24. Kf1 g5 25. f3 f4 26. exf4 cxd4 27. cxd4 Bxd4 28. fxg5 hxg5 29. b3 Bb2 30. Rcd1 Bf6 31. Rc1 Re8 32. Bb5 Red8 33. Bc7 Bb2 34. Rc2 Bd4 35. Rcc1 Bb2 36. Rc2 1/2-1/2

[Event "Oberbayern Bezirksliga 1718"]
[Site "Germany"]
[Date "2017.12.10"]
[Round "4.8"]
[White "Doan, Duc Trung"]
[Black "Maltsev, Oleg V"]
[Result "0-1"]
[WhiteElo "1680"]
[BlackElo "1997"]
[PlyCount "83"]
[EventDate "2017.10.22"]
[EventType "team-tourn"]
[EventRounds "9"]
[EventCountry "GER"]
[SourceTitle "EXT 2019"]
[Source "ChessBase"]
[SourceDate "2018.10.10"]
[SourceVersion "1"]
[SourceVersionDate "2018.10.10"]
[SourceQuality "1"]
[WhiteTeam "Ingolstadt"]
[BlackTeam "Pang/Rosenheim II"]
[WhiteTeamCountry "GER"]
[BlackTeamCountry "GER"]

1. e4 e6 2. d4 d5 3. Nc3 Bb4 4. e5 c5 5. a3 cxd4 6. Qxd4 Nc6 7. Bb5 Bxc3+ 8. Qxc3 Bd7 9. Be2 Qh4 10. Nf3 Qe4 11. Be3 Rc8 12. Qd3 Nge7 13. 0-0 0-0 14. c3 Ng6 15. Qd2 Ngxe5 16. Nxe5 Qxe5 17. Bd3 h6 18. Bf4 Qf6 19. Bd6 Rfd8 20. Bg3 e5 21. Rae1 a6 22. b4 e4 23. Bb1 Ne7 24. Rc1 Bb5 25. Rfd1 Bc4 26. Bf4 Nf5 27. Be3 Nh4 28. Bf4 g5 29. Bg3 Nf5 30. a4 h5 31. f4 e3 32. Qc2 Nxg3 33. hxg3 gxf4 34. Qh7+ Kf8 35. Rd4 fxg3 36. Bf5 Rc6 37. Qxh5 Be2 38. Qxe2 Qxd4 39. Rf1 Rxc3 40. Bh3 Rc2 41. Qg4 Qxg4 42. Bxg4 0-1